Sports Quiz

Random Sports or Football Quiz

NFL Team Slideshow Quiz Stats

 Plays Quiz not verified by Sporcle

Score 0/15 Timer 03:00
0 Plays Today
% Correct
Carolina Panthers
98%
Tennessee Titans
94.5%
San Francisco 49ers
81.5%
Washington Redskins
67.7%
Atlanta Falcons
56.7%
New England Patriots
54.7%
Green Bay Packers
52.4%
New York Giants
52%
% Correct
Detroit Lions
47.2%
New York Jets
46.9%
Cleveland Browns
45.3%
Philadelphia Eagles
39%
Denver Broncos
28.7%
Chicago Bears
24.4%
Buffalo Bills
19.7%

You're not logged in!

Compare scores with friends on all Sporcle quizzes.
OR
Log In

Show Comments

Extras

Top Quizzes Today


Score Distribution

Your Account Isn't Verified!

In order to create a playlist on Sporcle, you need to verify the email address you used during registration. Go to your Sporcle Settings to finish the process.

Report this User

Report this user for behavior that violates our Community Guidelines.

Details: